| 000 | 00443nam a2200157 a 4500 | ||
|---|---|---|---|
| 005 | 20140412111235.0 | ||
| 008 | 010531s19uu xx 00 eng d | ||
| 020 | _a0-8136-3529-2 | ||
| 050 |
_aTR(PS E _bPa21 1987 |
||
| 100 | _aPearson, David | ||
| 245 |
_aPark bench (The)/ _cDavid Pearson. |
||
| 260 |
_aToronto : _bModern Curriculum Press, Inc, _c1987. |
||
| 300 | _a1v. (unp.) ; ill. | ||
| 650 | _aStories without words | ||
| 999 |
_c102383 _d102383 |
||